000 00351nam a22001457a 4500
003 OSt
005 20160727222404.0
008 160623b xxu||||| |||| 00| 0 eng d
040 _cTest
100 _9770
_aMohan, R
245 _aIndian Writing in English
260 _aN.D
_b Orient Longman
_c1978
300 _aIndian Writing in English
942 _2ddc
_cBK
999 _c620
_d620